[Event "Quebec Festival II"]
[Site "Quebec"]
[Date "2005.07.18"]
[Round "1"]
[White "Beaudoin, Stephane"]
[Black "Filion, Nicolas"]
[Result "1-0"]
[WhiteElo "2087"]
[BlackElo "1607"]
[PlyCount "57"]
[EventDate "2005.07.18"]
[EventType "swiss"]
[EventRounds "5"]
[EventCountry "CAN"]
[SourceTitle "EXT 2009"]
[Source "ChessBase"]
[SourceDate "2008.11.26"]
[SourceVersion "1"]
[SourceVersionDate "2008.11.26"]
[SourceQuality "1"]

1. e4 d5 2. exd5 Nf6 3. d4 Bg4 4. Be2 Bxe2 5. Qxe2 Qxd5 6. Nf3 Nc6 7. 0-0 0-0-0 8. Be3 e6 9. c4 Qf5 10. Nc3 g5 11. Rfd1 g4 12. Nh4 Qh5 13. g3 Be7 14. Ng2 Qf5 15. a3 h5 16. Nh4 Qh7 17. d5 exd5 18. cxd5 Ne5 19. Bf4 Ng6 20. Nxg6 fxg6 21. Rac1 g5 22. Bxc7 Rd7 23. d6 Bxd6 24. Bxd6 Rxd6 25. Rxd6 Qg7 26. Ne4+ Kb8 27. Nxf6 h4 28. Qe5 Ka8 29. Ne8 1-0